[Event "XXVII. Abierto de Sevilla"]
[Site "?"]
[Date "2002.01.13"]
[Round "3"]
[White "Espejo Hava, F."]
[Black "Pogorelov, R."]
[Result "0-1"]
[WhiteElo "2166"]
[BlackElo "2460"]
[PlyCount "86"]
[EventDate "2002.01.12"]

1. e4 c5 2. Nf3 Nc6 3. d4 cxd4 4. Nxd4 Qc7 5. Nc3 e6 6. Be2 a6 7. O-O Nf6 8.
Kh1 Be7 9. f4 d6 10. Be3 O-O 11. Qe1 Bd7 12. Rd1 b5 13. a3 Nxd4 14. Bxd4 Bc6
15. Qg3 Qb7 16. Bf3 g6 17. f5 e5 18. Be3 Kh8 19. Bg5 Ng8 20. f6 Nxf6 21. Bxf6+
Bxf6 22. Rxd6 Be7 23. Rdd1 Qc7 24. Nd5 Bxd5 25. Rxd5 Rad8 26. Rfd1 (26. Qxe5+
Qxe5 27. Rxe5 Bf6 28. Rd5 28... Bxb2 $15) 26... Rxd5 27. Rxd5 Rd8 28. Rxd8+
Bxd8 29. Qf2 Qd6 30. g3 Bb6 31. Qe1 h5 32. Qc3 Kg7 33. Kg2 Qf6 34. b3 Bd4 35.
Qd2 h4 36. Qe2 hxg3 37. hxg3 37... Qd6 { } 38. c4 $2 38... bxc4 39. Qxc4 Qxa3
40. Bg4 a5 41. Bd7 Qb2+ 42. Kh3 Qb1 43. Bc6 $2 43... Qh1+ 0-1

[Event "XXVII. Abierto de Sevilla"]
[Site "?"]
[Date "2002.01.13"]
[Round "3"]
[White "Durao, J."]
[Black "Mellado Trivino, J."]
[Result "1-0"]
[WhiteElo "2150"]
[BlackElo "2447"]
[PlyCount "80"]
[EventDate "2002.01.12"]

1. e4 d5 2. exd5 Qxd5 3. Nc3 Qd6 4. d4 Nf6 5. Bd3 Nc6 6. Nge2 Bg4 7. f3 Bh5 8.
Bf4 Qd7 9. g4 Bg6 10. g5 Nd5 11. Nxd5 Qxd5 12. Bxc7 Rc8 13. Bxg6 hxg6 14. Bf4
Qxf3 15. Rf1 Qe4 16. c3 e5 17. dxe5 Bc5 18. Qb1 Qd5 19. Qd1 Qe4 20. Qb1 Qc4 21.
b3 Qd5 22. Qd1 Qe4 23. Qb1 Qd5 24. Qd1 { } 24... Qg2 $6 (24... Qe4 $11) 25. Qd3
O-O 26. Rd1 Rcd8 27. Qf3 Qxf3 28. Rxf3 Rxd1+ 29. Kxd1 Re8 30. Rd3 Bb6 31. Rd5
Bc7 32. Rd7 Bxe5 33. Rxb7 f6 34. gxf6 gxf6 35. Bxe5 Rxe5 36. Rc7 Rd5+ 37. Kc2
Ne5 38. Rxa7 Nf3 39. Nf4 Rd2+ 40. Kc1 40... g5 {tiempo} 1-0

[Event "XXVII. Abierto de Sevilla"]
[Site "?"]
[Date "2002.01.13"]
[Round "3"]
[White "Garcia Luque, A."]
[Black "Diaz Rodriguez, J."]
[Result "1-0"]
[WhiteElo "2425"]
[BlackElo "2106"]
[PlyCount "61"]
[EventDate "2002.01.12"]

1. e4 e6 2. d3 d5 3. Nd2 Nf6 4. Ngf3 dxe4 5. dxe4 Bc5 6. Bd3 Nc6 7. e5 $1 7...
Ng4 8. Ne4 Qd5 (8... Bb4+ 9. c3 Ngxe5 10. Nxe5 Nxe5 11. Bb5+ c6 12. Qxd8+ Kxd8
13. cxb4 cxb5 14. Bg5+ Ke8 (14... Kc7 15. Bf4 f6 16. Rc1+ Kb8 17. Rc5 $16) 15.
O-O-O) 9. Bf4 Be7 (9... Ngxe5 10. Nxe5 Nxe5 11. Bb5+ c6 12. Qxd5 exd5 13. Nxc5
Ng6 14. Bxc6+ bxc6 15. Bd6 $14) 10. Nc3 Bb4 11. Qe2 Qc5 12. O-O Bxc3 13. bxc3
Qxc3 (13... O-O 14. h3 Nh6 15. Bxh6 gxh6 16. Qe4) (13... Bd7 14. h3 Nh6 15.
Bxh6) 14. h3 Nh6 15. Bxh6 gxh6 16. Qe3 $1 16... Bd7 (16... Nb4 $2 17. Bb5+) 17.
Rab1 b6 (17... O-O-O 18. Rxb7) 18. Rfd1 Rd8 19. Rb3 19... Qa5 { } 20. Qf4 Ne7
21. Qf6 Rf8 22. Bxh7 Nd5 23. Qxh6 Qxa2 24. Ng5 Ke7 (24... Bc6 25. Nxe6 fxe6 26.
Qxe6+ Ne7 27. Bg6+) 25. Rxd5 $1 25... exd5 (25... Qa1+ 26. Kh2 exd5 27. Qf6+
Ke8 28. Nxf7 Rxf7 29. Bg6) 26. Qf6+ Ke8 27. e6 Bxe6 28. Nxe6 Rd6 29. Nxc7+ Kd7
30. Bf5+ Kxc7 31. Qe7+ (31. Qe7+ Kc6 32. Rc3+ Kb5 33. Bd3+ Kb4 34. Rb3+ Qxb3
35. Qxd6+) 1-0

[Event "XXVII. Abierto de Sevilla"]
[Site "?"]
[Date "2002.01.13"]
[Round "3"]
[White "Barrenechea Bahamonde, G."]
[Black "Teran Alvarez, I."]
[Result "0-1"]
[WhiteElo "2094"]
[BlackElo "2392"]
[PlyCount "60"]
[EventDate "2002.01.12"]

{Primer accesit al Premio de Belleza. Comentarios de Ismael Teran para el
citado Premio.} 1. e4 1... c5 2. Nf3 d6 3. d4 cxd4 4. Nxd4 Nf6 5. Nc3 a6 6. f4
e6 7. Qf3 Qc7 8. g4 Nc6 9. Nxc6 bxc6 10. g5 Nd7 11. b3 d5 12. exd5 {Mi rival po
no en practica una novedad de dudoso valor. Intenta completar el desarrollo
con Ab2, 0-0-0 y Ad3 pero no tendra tiempo. La columna c semiabierta otorga al
negro buenas posibilidades de contraataque.} (12. Bb2 Bd6 13. e5 Be7 14. O-O-O
Bb7 15. h4 c5 16. Bg2 c4 17. Qe2 Nb6 18. Kb1 O-O-O 19. h5 Kb8 20. Qg4 d4 21.
Ne2 c3 22. Bc1 Bc5 23. Rh3 Rd7 24. Rhd3 Rhd8 25. Bxb7 Qxb7 26. g6 hxg6 27. hxg6
Nd5 28. gxf7 Nb4 29. Qxe6 Nxd3 30. Rxd3 Re7 31. Qc4 Qb5 32. Nxd4 Qxc4 33. Nc6+
Kc7 34. Nxd8 Qb5 35. f8=Q {1-0 De Firmian,N-Haist,W/Biel 1994/TD (35).}) 12...
cxd5 13. Bb2 { } 13... d4 $1 {Sin perder tiempo.} 14. Nb5 {
Unica para mantenerse vivo, si} (14. Qxa8 dxc3 15. Bc1 Nb6 16. Qg2 16... Bb7
$19) 14... axb5 (14... Qa5+ 15. Bc3 $1 15... Bb4 16. Bxb4 Qxb4+ 17. c3 dxc3 18.
a3 $1 $13) 15. Qxa8 Qxc2 16. Bxb5 Bb4+ 17. Kf1 O-O 18. Bxd4 18... Qf5 {
Muy interesante era tambien 18...e5 con idea de buscar un jaque mortal en h3
con el alfil de c8.} 19. Be2 Qxf4+ 20. Bf2 20... Ba6 $1 {
Poco a poco todas las piezas negras se sumaran a la fiesta.} 21. Qg2 (21. Qxa6
Bc5 22. Kg2 (22. Ke1 Bxf2+ 23. Kd1 Nc5 24. Qa5 Qd4+ 25. Kc2 25... Qe4+ $19)
22... Qxf2+ 23. Kh3 Qe3+ 24. Kg2 Qxg5+ 25. Kh3 25... Nf6 $17) 21... Bxe2+ (
21... Qe5 22. Re1 Bxe1 23. Bxa6 (23. Bxe1 Qf5+ 24. Kg1 Bxe2 25. Qxe2 Qxg5+)
23... Bxf2 24. Qxf2 24... Nc5 $15) 22. Kxe2 Qd2+ 23. Kf1 Qd3+ 24. Kg1 Ne5 25.
Bb6 $6 (25. Qg3 Qe4 26. Be3 26... Bd6 $1 $19) 25... Rc8 26. Rf1 Rc2 27. Qg3 Qd5
28. h4 28... Be1 $3 29. Qh3 29... Rc3 $1 30. Qg2 (30. Rxe1 Rxh3 31. Rxh3 Nf3+
32. Rxf3 Qxf3 33. Bf2 $17) 30... Rg3 {
Pequena imprecision pero igualmente ganadora.} (30... Qxg2+ 31. Kxg2 Rg3+ 32.
Kh2 Ng4#) 0-1

[Event "XXVII. Abierto de Sevilla"]
[Site "?"]
[Date "2002.01.13"]
[Round "3"]
[White "Gimenez Carretero, A."]
[Black "Tissir, M."]
[Result "0-1"]
[WhiteElo "1960"]
[BlackElo "2368"]
[PlyCount "82"]
[EventDate "2002.01.12"]

1. e4 e6 2. d4 d5 3. exd5 exd5 4. Bd3 Bd6 5. Nf3 Nc6 6. O-O Nge7 7. Re1 Bg4 8.
c3 Qd7 9. Nbd2 O-O-O 10. b4 Ng6 11. Qa4 Nf4 12. Bf1 Kb8 13. b5 Ne7 14. Ba3 f6
15. Bxd6 cxd6 16. h3 Bf5 17. c4 dxc4 18. Nxc4 g5 19. Qa3 Ned5 20. Rac1 Rhg8 21.
Ne3 g4 22. Nxd5 Nxd5 23. hxg4 Rxg4 24. g3 Rg7 25. Qb3 Nb6 26. a4 d5 27. a5 Nc8
28. b6 axb6 29. axb6 Qd6 30. Rc5 Nxb6 31. Rec1 31... Rdg8 { } 32. Ne5 $2 (32.
Bg2) 32... fxe5 33. dxe5 Qxe5 34. R1c3 (34. Qxb6 Rxg3+) 34... Nc8 35. Rxd5 Qe6
36. Qb5 Be4 37. Re5 Bc6 38. Qa5 Qd6 39. Rec5 Rxg3+ 40. Rxg3 Rxg3+ 41. fxg3
Qxg3+ 0-1

[Event "XXVII. Abierto de Sevilla"]
[Site "?"]
[Date "2002.01.13"]
[Round "3"]
[White "Fernandez, E."]
[Black "Epishin, V."]
[Result "0-1"]
[WhiteElo "2347"]
[BlackElo "2599"]
[PlyCount "110"]
[EventDate "2002.01.12"]

1. e4 c5 2. Nf3 e6 3. d4 cxd4 4. Nxd4 a6 5. Bd3 Bc5 6. Nb3 Be7 7. O-O d6 8. c4
Nf6 9. Nc3 b6 10. Qe2 Nc6 11. Bd2 Ne5 12. Nd4 Qc7 13. Rae1 O-O 14. Kh1 Re8 15.
f4 Nxd3 16. Qxd3 Bb7 17. b3 Rad8 18. Qh3 d5 19. cxd5 exd5 20. e5 Ne4 21. Nxe4
dxe4 22. Be3 Bf8 23. Qg3 Rd5 24. Qf2 Qd7 25. Rc1 a5 26. Ne2 Ba6 27. Rg1 Ba3 28.
Nc3 Rd3 29. Rc2 Rc8 30. Nb1 Rxc2 31. Qxc2 Rxe3 32. Nxa3 Re2 33. Qc1 h5 34. Nc4
h4 35. h3 e3 36. Nd6 Bb7 37. f5 Bd5 38. Qd1 Rd2 39. Qg4 Rxa2 40. Qxh4 Rf2 41.
Qg3 Qc6 42. Qg5 Qa8 43. Kh2 e2 44. Qe3 Rxg2+ 45. Rxg2 Bxg2 46. Qxe2 46... Bd5
$15 { } 47. Nc4 Qb8 48. Nd6 Qc7 49. Qd3 Qc5 50. Ne4 Qc6 (50... Bxe4 51. Qxe4
Qf2+ 52. Kh1 Qg3 53. e6 fxe6 54. Qxe6+ Kh7 55. Qxb6 Qxh3+ 56. Kg1 Qxf5) 51. Nf2
b5 52. Ng4 a4 53. bxa4 bxa4 54. f6 Qc4 55. Qd2 (55. Nh6+ Kh8 56. fxg7+ Kxg7 57.
Nf5+ Kh7 58. Qd2 58... Qa2 $19) 55... Qa2 0-1

[Event "XXVII. Abierto de Sevilla"]
[Site "?"]
[Date "2002.01.13"]
[Round "3"]
[White "Korneev, O."]
[Black "Rodriguez Gerrero, E."]
[Result "1-0"]
[WhiteElo "2568"]
[BlackElo "2309"]
[PlyCount "67"]
[EventDate "2002.01.12"]

1. e4 e6 2. d4 d5 3. Nc3 Bb4 4. e5 c5 5. a3 Bxc3+ 6. bxc3 Ne7 7. Qg4 O-O 8. Bd3
Qa5 9. Bd2 Nbc6 10. Nf3 f5 11. exf6 Rxf6 12. Qh5 Nf5 13. dxc5 Qxc5 (13... e5
14. Nxe5 g6 15. Nxc6 Re6+ 16. Kf1 bxc6 17. Qg5 Re5 18. Qf4 Qc7 19. h4 Ng7 20.
Re1 Rxe1+ 21. Kxe1 Qe7+ 22. Be3 Bf5 23. Kd2 Rf8 24. Qd6 Qb7 25. Bxf5 Nxf5 26.
Qe6+ Qf7 27. Qxf7+ Rxf7 28. g3 Rb7 29. Bd4 h5 30. Ra1 Kf7 31. a4 Ke6 32. Ra3
Kd7 33. Rb3 Kc8 34. Be5 Nh6 35. f3 Nf7 36. Bd6 Nd8 37. Ke3 Kd7 38. a5 Rb5 39.
a6 Ne6 40. g4 Nd8 41. gxh5 gxh5 42. Kf4 Ne6+ 43. Ke5 Ng7 44. f4 Ne8 45. Rxb5
cxb5 46. f5 Ng7 47. f6 {
1-0 Reinaldo Castineira,R-Romon Poves,R/Zaragoza 2001/EXT 2002 (47).}) 14. g4
Nh6 15. g5 g6 16. Qh3 e5 17. Qg2 Rxf3 18. Qxf3 e4 19. Qe3 Qxe3+ 20. Bxe3 exd3
21. gxh6 dxc2 22. Kd2 Bf5 23. Ra2 Na5 24. Kc1 Rc8 25. Bd4 Nb3+ 26. Kb2 Nxd4 27.
cxd4 Rc4 28. Kc1 Kf7 29. Re1 Rxd4 30. Rb2 b6 31. Rb4 Rd3 32. Kxc2 Rxa3+ 33. Kd2
Kf6 34. h4 {  ilegible} 1-0

[Event "XXVII. Abierto de Sevilla"]
[Site "?"]
[Date "2002.01.13"]
[Round "3"]
[White "Salazar Reyes, J."]
[Black "Suba, M."]
[Result "0-1"]
[WhiteElo "2275"]
[BlackElo "2528"]
[PlyCount "120"]
[EventDate "2002.01.12"]

1. e4 c5 2. c3 d5 3. exd5 Qxd5 4. d4 Nf6 5. Nf3 e6 6. Na3 Nc6 7. Be2 Qd8 8. Nc2
Bd7 9. O-O Qc7 10. Bg5 cxd4 11. Ncxd4 Nxd4 12. Nxd4 Bd6 13. h3 a6 14. Qd3 O-O-O
15. Rfc1 Bh2+ 16. Kf1 Bf4 17. Bxf4 Qxf4 18. Qc4+ Qc7 19. Qxc7+ Kxc7 20. Nf3 Nd5
21. Ne5 Be8 22. Rd1 f6 23. Nd3 Bf7 24. c4 Ne7 25. Nc5 Nc6 26. Bf3 a5 27. Nb3 b6
28. c5 a4 29. cxb6+ Kxb6 30. Nc5 Rxd1+ 31. Rxd1 Kxc5 32. Rc1+ Kd4 33. Rxc6 e5
34. Bd1 Rb8 35. Rd6+ Kc5 36. Rd2 Bxa2 37. Bxa4 Rb4 38. Bd1 Bd5 39. Be2 f5 40.
Rc2+ Kd6 41. f3 41... h5 { } 42. Kf2 h4 43. Rd2 e4 44. fxe4 fxe4 45. Bd1 Ke5
46. Ke3 Rb6 47. Kf2 Be6 48. Ke3 Bf5 49. Ba4 Rg6 50. Re2 Rg3+ 51. Kf2 Kf4 52.
Bc2 e3+ 53. Kf1 Be6 54. Bd3 Bb3 55. Ke1 Rg5 56. Kf1 Rd5 57. Ba6 Rd8 58. Bb5 Bf7
59. Re1 Rd2 60. Re2 Bh5 0-1

[Event "XXVII. Abierto de Sevilla"]
[Site "?"]
[Date "2002.01.13"]
[Round "3"]
[White "Tejero Royo, F."]
[Black "Hamdouchi, H."]
[Result "0-1"]
[WhiteElo "2198"]
[BlackElo "2522"]
[PlyCount "124"]
[EventDate "2002.01.12"]

1. d4 Nf6 2. c4 e6 3. Nf3 c5 4. e3 g6 5. Nc3 Bg7 6. Be2 O-O 7. O-O d6 8. e4 Na6
9. d5 exd5 10. exd5 Re8 11. Be3 Nc7 12. a4 Na6 13. Qd2 Nb4 14. Bg5 Bf5 15. Nh4
Qd7 16. Nxf5 Qxf5 17. Rfe1 Ne4 18. Nxe4 Rxe4 19. Be3 Rae8 20. Rac1 h5 21. b3
R4e5 22. Bf1 Kh7 23. g3 Qf3 24. Bg2 Qf6 25. h4 Qe7 26. Kf1 Bf6 27. Bf3 b6 28.
Re2 Qd7 29. Rce1 Qf5 30. Bf4 Nd3 31. Rxe5 Rxe5 32. Bxe5 Nxe1 33. Qxe1 Bxe5 34.
Qe4 Qf6 35. Kg2 Kg7 36. Be2 Bd4 37. f4 Kf8 38. Bd3 Ba1 39. Be2 Qb2 40. Qf3 Qa2
41. Kh3 Bd4 42. Bd1 f5 43. Qe2 Qxe2 44. Bxe2 Ke7 45. Kg2 Kd8 46. Bd3 46... Bc3
{ } 47. g4 hxg4 48. h5 gxh5 49. Bxf5 Bd2 50. Bg6 h4 51. Bf5 g3 52. Kf3 Bxf4 53.
Bh3 Be5 54. Kg4 Kc7 55. Kf3 Kb7 56. Ke4 Ka6 57. Kd3 Ka5 58. Kc2 Kb4 59. Bg2 a6
60. Bf1 Bf6 61. Bg2 b5 62. axb5 axb5 0-1

[Event "XXVII. Abierto de Sevilla"]
[Site "?"]
[Date "2002.01.13"]
[Round "3"]
[White "Paragua, M."]
[Black "Romero Garcia , M."]
[Result "1-0"]
[WhiteElo "2469"]
[BlackElo "2166"]
[PlyCount "163"]
[EventDate "2002.01.12"]

1. e4 c5 2. Nf3 d6 3. d4 cxd4 4. Nxd4 Nf6 5. Nc3 g6 6. Be2 Bg7 7. O-O Nc6 8.
Nb3 O-O 9. Re1 a5 10. a4 Be6 11. Bf1 Rc8 12. g3 Nb4 13. Nd4 Bd7 14. h3 Re8 15.
Be3 Qc7 16. Re2 Qb8 17. Rd2 Be6 18. Bg2 Rc4 19. Ncb5 Bd7 20. c3 Na6 21. Qe2
Rcc8 22. Nb3 b6 23. Na3 Nc5 24. Nxc5 bxc5 25. Nc4 Qc7 26. f4 Bc6 27. Bf2 Nd7
28. h4 Ra8 29. h5 Qb7 30. hxg6 hxg6 31. Re1 Nb6 32. Nxb6 Qxb6 33. f5 gxf5 34.
exf5 Bxg2 35. Kxg2 Qc6+ 36. Kg1 36... Qxa4 { } 37. Qh5 Ra6 38. Be3 Qe4 39. Rh2
d5 40. Bf2 Qd3 41. Qh7+ Kf8 42. Rh4 Qf3 43. Re3 Qd1+ 44. Kg2 d4 45. Ree4 e5 46.
Reg4 Bf6 47. Rg8+ Ke7 48. Rxe8+ Kxe8 49. Qg8+ Ke7 50. Qc8 Rd6 51. Qc7+ Rd7 52.
Qxc5+ Rd6 53. Rh1 Qc2 54. cxd4 Qxc5 55. dxc5 Rd2 56. Rc1 Bg5 57. Rc3 Kd7 58.
c6+ Kc7 59. b3 e4 60. Kf1 Rd3 61. Be1 Rxc3 62. Bxc3 Kxc6 63. Bxa5 Kd5 64. Bc3 {
} 64... Be7 65. Ke2 Bd6 66. g4 Bf4 67. Bd2 Be5 68. Be3 Bc3 69. Bh6 Be5 70. g5
Bf4 71. f6 Bd6 72. g6 fxg6 73. f7 g5 74. f8=Q Bxf8 75. Bxf8 g4 76. Bh6 Kd4 77.
Bg7+ Kc5 78. Bc3 g3 79. Kf1 e3 80. Kg2 Kd5 81. Kf3 Kc5 82. Kxe3 1-0

[Event "XXVII. Abierto de Sevilla"]
[Site "?"]
[Date "2002.01.13"]
[Round "3"]
[White "Draghici Flutur, G."]
[Black "Candela Perez, J."]
[Result "0-1"]
[WhiteElo "2098"]
[BlackElo "2399"]
[PlyCount "94"]
[EventDate "2002.01.12"]

1. e4 c6 2. d4 d6 3. Nf3 Nd7 4. Be2 e5 5. O-O Ngf6 6. Nc3 Be7 7. a4 a5 8. b3
O-O 9. Ba3 Re8 10. Qd2 Qc7 11. Rfd1 exd4 12. Nxd4 Nc5 13. Bf3 Bd7 14. Qf4 Qb6
15. g4 h6 16. h4 Nh7 17. Qg3 Bf8 18. Kg2 Re5 19. Nf5 Bxf5 20. exf5 Rae8 21. Bb2
21... d5 { } 22. Nb5 Ne4 23. Bxe4 Rxe4 24. Bd4 Qd8 25. Nc3 Bd6 26. Qh3 R4e7 27.
g5 f6 28. gxh6 Kh8 29. Kh1 gxh6 30. Rg1 c5 31. Nxd5 cxd4 32. Nxe7 Qxe7 33. Rg2
h5 34. Qf3 Qf7 35. Rag1 Rc8 36. Qe4 Rc3 37. f3 Be5 38. Qxb7 Rc7 39. Qb8+ Nf8
40. Qa8 Kh7 41. Qxa5 Qd7 42. Qa8 Qxf5 43. Qe4 Qxe4 44. fxe4 Ne6 45. b4 Rc3 46.
Rb1 Rh3+ 47. Kg1 d3 0-1

[Event "XXVII. Abierto de Sevilla"]
[Site "?"]
[Date "2002.01.14"]
[Round "4"]
[White "Candela Perez, J."]
[Black "Spraggett, K."]
[Result "1/2-1/2"]
[WhiteElo "2399"]
[BlackElo "2541"]
[PlyCount "32"]
[EventDate "1996.??.??"]

1. d4 Nf6 2. c4 e6 3. Nc3 Bb4 4. Qc2 c5 5. dxc5 Qc7 6. Bg5 Bxc5 7. Bxf6 gxf6 8.
e3 a6 9. Nh3 Be7 10. Be2 d6 11. Nf4 Nd7 12. O-O Ne5 13. Nh5 f5 14. e4 fxe4 15.
Qxe4 Bd7 16. Rac1 16... f5 { } 1/2-1/2

[Event "XXVII. Abierto de Sevilla"]
[Site "?"]
[Date "2002.01.14"]
[Round "4"]
[White "Suba, M."]
[Black "Matamoros Franco, C."]
[Result "1/2-1/2"]
[WhiteElo "2528"]
[BlackElo "2456"]
[PlyCount "62"]
[EventDate "1996.??.??"]

1. d4 Nf6 2. c4 c5 3. d5 b5 4. cxb5 a6 5. bxa6 Bxa6 6. Nc3 d6 7. e4 Bxf1 8.
Kxf1 g6 9. g3 Bg7 10. Kg2 O-O 11. Nf3 Nbd7 12. Re1 Ra6 13. h3 Qa8 14. Re2 e6
15. Bf4 exd5 16. exd5 Nh5 17. Bg5 h6 (17... Ne5 18. Nb5 Nxf3 19. Kxf3 Rxa2 20.
Rxa2 Qxa2 21. Nxd6 Bd4 22. b3 Qa8 23. Kg4 Qxd5 24. Nc4 h6 25. Re5 25... Qd7+ {
0-1 Muhvic,D-Vlasic,N/Makarska 1994/EXT 97 (25).}) 18. Be3 Nb6 19. Qd3 Na4 20.
Rd1 (20. a3 Nxc3 21. bxc3 Rxa3 22. Rxa3 Qxa3) 20... Nxc3 21. bxc3 Rxa2 22. Rxa2
Qxa2 23. Nd2 Rb8 24. Nc4 Rb3 25. Nxd6 Rxc3 26. Qe4 Nf6 27. Qe7 27... Kh7 { }
28. Rd2 (28. Nb5 Rc2 29. d6 Qa8+ 30. Kh2 Qf3) 28... Nxd5 29. Rxa2 Nxe7 30. Ne4
Rc4 31. Nd6 Rc3 1/2-1/2

[Event "XXVII. Abierto de Sevilla"]
[Site "?"]
[Date "2002.01.14"]
[Round "4"]
[White "Hambouchi, H."]
[Black "Cabrera, A."]
[Result "1/2-1/2"]
[WhiteElo "2522"]
[BlackElo "2440"]
[PlyCount "149"]
[EventDate "1996.??.??"]

1. e4 c5 2. Nf3 g6 3. Bc4 Bg7 4. O-O Nc6 5. Re1 e6 6. Nc3 Nge7 7. d4 Nxd4 8.
Nxd4 cxd4 9. Nb5 O-O 10. Nxd4 d5 11. exd5 Nxd5 12. c3 a6 13. a4 Qd6 14. Bf1 Bd7
15. Bg5 h6 16. Bh4 Qb6 17. Qd2 Rae8 18. a5 Qc5 19. Nf3 Bc8 20. Ra4 Ne7 21. Bg3
Nf5 22. Be5 f6 23. Bd4 Nxd4 24. cxd4 Qd6 25. Rb4 Qc7 26. Rb6 Rd8 27. Qb4 Rfe8
28. Bc4 Bf8 29. Qb3 Rd6 30. Qc2 Kg7 31. Nh4 f5 32. Qc3 Be7 33. d5+ Bf6 34. Qg3
Bxh4 35. Qxd6 Qxc4 36. Rb4 36... exd5 { } 37. Rf1 (37. Rxb7+ Bxb7 38. Qd7+ Re7
39. Rxe7+ Bxe7 40. Qxe7+ $11) 37... Bxf2+ 38. Kxf2 Re2+ 39. Kg1 Qc2 40. Rg4 $2
(40. g4) 40... Be6 $15 41. Rg3 Qxb2 42. Qc7+ Bf7 43. h3 Qe5 44. Qxe5+ Rxe5 45.
Rb3 d4 46. Rxb7 Rxa5 47. Rc1 Kf6 48. Rc6+ Be6 49. Rd7 Re5 50. Rxd4 $11 50... a5
51. Ra6 g5 52. Rd7 f4 53. Kf2 a4 54. Rh7 Kg6 55. Rb7 Re4 56. Rb8 Kf6 57. Rbb6
Kf7 58. Ra8 Kf6 59. Ra7 Kg6 60. Rb8 Kf6 61. Rh8 Kg6 62. Rah7 Bg8 63. Rxh6+ Kg7
64. Rh5 Re5 65. R8h6 a3 66. h4 gxh4 67. Rxh4 Ra5 68. R6h5 Rxh5 69. Rxh5 a2 70.
Ra5 Bd5 71. Ra6 Bc4 72. Ra7+ Kf6 73. Kf3 Ke5 74. g3 fxg3 75. Rxa2 { } 1/2-1/2

[Event "XXVII. Abierto de Sevilla"]
[Site "?"]
[Date "2002.01.14"]
[Round "4"]
[White "Campora Sivori, D."]
[Black "Castillo Humanes, P."]
[Result "1-0"]
[WhiteElo "2542"]
[BlackElo "2009"]
[PlyCount "51"]
[EventDate "1996.??.??"]

1. e4 c6 2. d4 d5 3. Nc3 dxe4 4. Nxe4 Nd7 5. Nf3 Ngf6 6. Ng3 g6 7. h4 h5 8. Bg5
Qb6 9. Qc1 Bg7 10. Be2 Ng4 11. c3 e5 12. O-O exd4 13. Nxd4 Nc5 14. Re1 O-O 15.
b4 Ne6 16. Bxg4 hxg4 17. Nxe6 Bxe6 18. Ne4 { } 18... Bf5 (18... Rfe8 19. Nf6+
Bxf6 20. Bxf6 g3 21. Bd4 gxf2+ 22. Kxf2 Qb5 23. Qh6 Qf5+ 24. Kg1 f6 25. Rf1 $18
) 19. Nf6+ Kh8 20. Qf4 c5 21. Nd5 $18 21... Qc6 22. Ne7 Qa4 23. Bf6 Kh7 24.
Bxg7 Kxg7 25. Nxf5+ gxf5 26. Qxf5 1-0

[Event "XXVII. Abierto de Sevilla"]
[Site "?"]
[Date "2002.01.14"]
[Round "4"]
[White "Estremera Panos, S."]
[Black "San Jose Candalija, E."]
[Result "1-0"]
[WhiteElo "2383"]
[BlackElo "1981"]
[PlyCount "67"]
[EventDate "1996.??.??"]

1. d4 Nf6 2. c4 e6 3. Nc3 d5 4. Bg5 Be7 5. e3 h6 6. Bxf6 Bxf6 7. Nf3 O-O 8. Rc1
c6 9. Bd3 dxc4 10. Bxc4 Nd7 11. O-O b6 12. Qe2 Bb7 13. Rfd1 Qe7 14. Ba6 Bxa6
15. Qxa6 e5 16. Qb7 { } 16... Qe6 (16... exd4 17. Nxd4 Ne5 18. Qxe7 18... Bxe7
$14) 17. d5 cxd5 18. Qxd5 Rfd8 (18... Qxd5 19. Rxd5 $14) 19. Qxe6 fxe6 20. Ne4
Nf8 21. Rxd8 Rxd8 22. Kf1 Rd7 23. Ke2 Kf7 24. h4 Ng6 25. g3 Ne7 26. g4 g6 27.
g5 hxg5 28. Nexg5+ Bxg5 29. Nxe5+ Ke8 30. Nxd7 Kxd7 31. hxg5 Nf5 32. Rh1 Kd6
33. Rh6 Ne7 34. f4 1-0

[Event "XXVII. Abierto de Sevilla"]
[Site "?"]
[Date "2002.01.14"]
[Round "4"]
[White "Frois , A."]
[Black "Ponferrada Luque, V."]
[Result "1-0"]
[WhiteElo "2354"]
[BlackElo "1965"]
[PlyCount "41"]
[EventDate "1996.??.??"]

1. e4 c6 2. Nc3 d5 3. d4 dxe4 4. Nxe4 Nf6 5. Nxf6+ exf6 6. c3 Bd6 7. Bd3 O-O 8.
Ne2 Re8 9. O-O Qc7 10. h3 Nd7 11. Qc2 Kh8 12. Bd2 c5 13. Rae1 13... b6 { } 14.
Be4 (14. Bxh7 g6 15. Bxg6 fxg6 16. Qxg6) 14... Rb8 (14... Bb7) 15. Bxh7 g6 16.
Bxg6 fxg6 17. Qxg6 Ba6 18. Ng3 Rxe1 19. Rxe1 Bf8 20. Re4 Bg7 21. Re7 1-0

[Event "XXVII. Abierto de Sevilla"]
[Site "?"]
[Date "2002.01.14"]
[Round "4"]
[White "Morales Cano, C."]
[Black "De La Cruz , G."]
[Result "0-1"]
[WhiteElo "1943"]
[BlackElo "2264"]
[PlyCount "52"]
[EventDate "1996.??.??"]

1. d4 Nf6 2. c4 g6 3. Nc3 Bg7 4. e4 d6 5. Nf3 O-O 6. Be2 Nbd7 7. e5 dxe5 8.
dxe5 Ng4 9. e6 fxe6 10. O-O Nde5 11. Qb3 Nxf3+ 12. Bxf3 Ne5 13. Be4 (13. Be2
Nc6 14. Be3 Nd4 15. Bxd4 Bxd4 16. Rad1 c5 17. Bf3 Rxf3 18. gxf3 e5 19. Rfe1 b6
20. Rxe5 Qf8 21. Rxd4 cxd4 22. Nd5 e6 23. c5 bxc5 24. Nc7 Qd6 25. Nxa8 Qxe5 26.
Qb5 Qd6 27. Qe8+ Qf8 28. Qc6 Qd8 29. Kf1 Bd7 30. Qb7 d3 31. Qc7 Qxc7 32. Nxc7
Kf7 33. Ke1 Ke7 34. Na6 Kd6 35. b4 cxb4 36. Nxb4 Bb5 37. Kd2 Ke5 38. Ke3 a6 39.
f4+ Kf5 40. a4 Bxa4 41. Nxd3 Bb5 42. Ne1 a5 43. Nc2 Kg4 44. Ke4 Kh3 45. Ke5
Kxh2 46. Kxe6 46... Bd3 {
0-1 Kuzmin,G-Monin,N/St Petersburg 2000/CBM 76 ext (46).}) 13... Qd4 14. Qc2
Qxc4 15. Bd2 Ng4 16. Bf3 16... Be5 { } 17. h3 $2 (17. b3 Qd4 18. Ne2 Qb6 19.
Bxg4 Bxa1 20. Rxa1 Rxf2 21. Kh1 21... e5 $15) 17... Nh2 $19 18. Be2 Qh4 19. Ne4
Rf5 20. g3 Qxh3 21. Ng5 Rxg5 22. Bxg5 Bd7 23. Bh4 Bc6 24. f3 Bd4+ 25. Rf2 Nxf3+
26. Bxf3 Bxf3 0-1

[Event "XXVII. Abierto de Sevilla"]
[Site "?"]
[Date "2002.01.14"]
[Round "4"]
[White "Mellado Trivino, J."]
[Black "Tomas Batet, J."]
[Result "1-0"]
[WhiteElo "2447"]
[BlackElo "2055"]
[PlyCount "47"]
[EventDate "1996.??.??"]

1. e4 e5 2. Nf3 Nf6 3. Nc3 Nc6 4. d4 Bb4 5. d5 Ne7 6. Nxe5 d6 7. Bb5+ c6 8.
dxc6 O-O 9. Nd7 Bxd7 10. cxd7 { } 10... Qa5 (10... Nxe4 11. Qd4 Nxc3 12. Qxb4
Nxb5 (12... Ncd5 13. Qb3 Nb6 14. O-O Nxd7 15. Bg5 Nc5 16. Qf3 f6 17. Be3 Qc7
18. Rad1 Rad8 19. Rfe1 a6 20. Bc4+ Kh8 21. Bc1 b5 22. Bf1 Ng6 23. Re2 Ne5 24.
Qd5 f5 25. Bg5 Rd7 26. Bf4 Rdd8 27. c3 Ne4 28. f3 Nf6 29. Qe6 Qc5+ 30. Be3 Qc6
31. Red2 Rfe8 32. Qxf5 Nc4 33. Bxc4 Rxe3 34. Bf1 Qb6 35. Kh1 Qc6 36. Rd3 Rxd3
37. Qxd3 d5 38. Re1 Re8 39. Re3 Re6 40. Qe2 Rxe3 41. Qxe3 Qd6 42. Kg1 Kg8 43.
Bd3 g6 44. Qd4 Kf7 45. a4 Qc6 46. a5 Nd7 47. b4 Qe6 48. Kf2 Ne5 49. Be2 Nc4 50.
Bxc4 dxc4 51. Qa7+ Kg8 52. Qb6 Qd5 53. Qe3 Qd1 54. g4 {
1-0 Tal,M-Smatlanek,A/Prague 1960/EXT 2001 (54)}) 13. Qxb5 Qc7 14. O-O Rfd8 15.
Bf4 Qxd7 16. Qxd7 Rxd7 17. Rad1 Rad8 18. Rd3 f6 19. Rfd1 d5 20. f3 Kf7 21. c3
b6 22. Kf2 Rc8 23. Ke2 g5 24. Bg3 h5 25. h3 h4 26. Bh2 Rc6 27. a4 Rb7 28. f4
Rc4 29. fxg5 fxg5 30. b3 Re4+ 31. Kf3 Re6 32. Re3 Rxe3+ 33. Kxe3 b5 34. axb5
Rxb5 35. b4 Nf5+ 36. Kd3 a5 37. bxa5 Rxa5 38. Rd2 Ra3 39. Be5 Ra1 40. Rf2 Kg6
41. Rb2 Kh5 42. Ke2 Rg1 43. Kf2 { -  Svihel,K-Blaha,P/CZE 1999/EXT 2001 (43).})
11. Bd3 $16 11... Nxd7 12. Bd2 Ne5 13. a3 Nxd3+ 14. cxd3 Bxc3 15. Bxc3 Qg5 16.
O-O d5 17. f4 Qh6 18. Qb3 dxe4 19. Qxb7 Ng6 20. f5 Qe3+ 21. Rf2 Nf4 22. Re1
Qxf2+ 23. Kxf2 Nxd3+ 24. Ke2 1-0

[Event "XXVII. Abierto de Sevilla"]
[Site "?"]
[Date "2002.01.14"]
[Round "4"]
[White "Calvo, J.M."]
[Black "Benito Alba, E."]
[Result "1-0"]
[WhiteElo "2285"]
[BlackElo "2026"]
[PlyCount "47"]
[EventDate "1996.??.??"]

1. d4 Nf6 2. c4 e6 3. g3 d5 4. Bg2 Be7 5. Nf3 Nbd7 6. O-O O-O 7. Qc2 c6 8. b3
Re8 9. Nc3 Bf8 10. Bf4 Nh5 11. Bg5 Be7 12. Bxe7 Qxe7 13. Rad1 Nhf6 14. Rfe1 Nf8
15. e4 Nxe4 16. Nxe4 dxe4 17. Qxe4 Ng6 18. h4 h5 19. Ne5 Nxe5 20. Qxe5 $16
20... g6 21. d5 { } 21... f6 (21... cxd5 22. cxd5 f6 23. Qe4 Qf7 24. d6 e5 25.
Rc1 $16) 22. Qe4 Qf7 23. dxc6 f5 24. cxb7 1-0